Statystyki dla Marki samochodów należące do koncernu Stellantis

Kliknij tutaj aby rozwiązać quiz!

Ogólne statystyki

  • Ten quiz został rozwiązany 32 razy
  • Średni wynik to 7 z 14

Statystyki odpowiedzi

Kraj pochodzeniaMarka% Poprawnych
WłochyFIAT
93%
FrancjaCitroen
81%
FrancjaPeugeot
81%
WłochyAlfa Romeo
70%
NiemcyOpel
67%
USADodge
52%
WłochyMaserati
48%
USAJeep
44%
WłochyLancia
44%
USAChrysler
33%
FrancjaDS
33%
WłochyAbarth
30%
USARAM
26%
Wielka BrytaniaVauxhall
19%

Rozkład punktacji

Percentyl według liczby udzielonych odpowiedzi

Procent ludzi z każdym wynikiem

Twoja historia wyników

Nie rozwiązałeś tego quizu